Guess the One Direction song with no hints #9 - Statistics

General Stats
  • This quiz has been taken 3,321 times
  • The average score is 142 of 230
Answer Stats
Answer % Correct
I
99%
"I
99%
You
98%
you"
98%
you,
98%
you
98%
love
93%
Love
93%
me
88%
when
87%
do
83%
to
79%
it
77%
it?
77%
no
77%
your
76%
is
74%
Is
74%
so
74%
So
74%
So,
74%
Don't
73%
don't
73%
like
71%
on
71%
My
70%
my
70%
say,
70%
I'm
68%
that
68%
That
68%
with
67%
if
65%
not
65%
But
64%
need
64%
Need
64%
of
64%
heart,
63%
heart
63%
baby,
61%
make
59%
oh
58%
up
55%
us
55%
care
54%
care,
54%
'Cause
53%
strong
53%
strong?
53%
Why
53%
wrong?
53%
wrong
53%
scared
52%
sorry
52%
we're
51%
it's
49%
hard
48%
two
48%
weaker
48%
hands,
46%
hands
46%
how
46%
hold
43%
break
42%
from
42%
I'll
42%
ships
42%
Tied
42%
Think
40%
try
40%
wanna
40%
save
39%
always
38%
been
38%
keep
37%
falling
36%
anything
35%
between
35%
end
35%
gone
35%
I'd
35%
apart
33%
Drifting,
33%
much
33%
wait
33%
words
33%
many
32%
saying
32%
tight
32%
Pages
31%
People
30%
weightless
30%
Sit
29%
that's
29%
'till
29%
wasted
29%
Waves
29%
nothing
28%
their
28%
Written
28%
bookends
27%
breaking
27%
stop
27%
there's
27%
Move
26%
escape
25%
running
25%
Trying
25%
Chorus
18%
Bridge
16%
Chorus x3
6%
No matching quizzes found
Score Distribution
Percent of People with Each Score
Percentile by Number Answered
Your Score History
You have not taken this quiz